Heartsblood : Hunting, spirituality and wildness in america

Petersen, a hunter and outdoorsman, offers a personal, carefully considered exploration of hunting, drawing on a great deal of literature in the field, including biological, philosophical, spiritual, political, and particularly ethical perspectives on hunters and hunting.

Gespeichert in:
Bibliographische Detailangaben
1. Verfasser: Petersen, David
Format: Buch
Sprache:Undetermined
Veröffentlicht: Washington Island Press/Shearwater Books 2000
Schlagworte:
Tags: Tag hinzufügen
Keine Tags, Fügen Sie den ersten Tag hinzu!
Thư viện lưu trữ: Trung tâm Học liệu Trường Đại học Cần Thơ
LEADER 00919nam a2200229Ia 4500
001 CTU_116677
008 210402s9999 xx 000 0 und d
020 |c 25 
082 |a 179.3 
082 |b P484 
100 |a Petersen, David 
245 0 |a Heartsblood : 
245 0 |b Hunting, spirituality and wildness in america 
245 0 |c David Petersen ; Foreword by ted williams 
260 |a Washington 
260 |b Island Press/Shearwater Books 
260 |c 2000 
520 |a Petersen, a hunter and outdoorsman, offers a personal, carefully considered exploration of hunting, drawing on a great deal of literature in the field, including biological, philosophical, spiritual, political, and particularly ethical perspectives on hunters and hunting. 
650 |a Hunting,Hunting 
650 |x Moral and ethical aspects,Philosophy 
904 |i Giang 
980 |a Trung tâm Học liệu Trường Đại học Cần Thơ